| 000 | 00587nam a22001697a 4500 | ||
|---|---|---|---|
| 005 | 20120216150157.0 | ||
| 020 |
_a8120313682 _c125.00 |
||
| 035 | _aA-950963 | ||
| 037 |
_aDPL _bENG |
||
| 100 |
_aNie, Junhong _942333 |
||
| 245 |
_aFuzzy-Neural control : _bPrinciples, algorithms and applications / _cby Junhong Nie and Derek A. Linkens |
||
| 260 |
_aNew Delhi _bPHI _c1995 |
||
| 300 |
_aix, 243p. _c22 cms. |
||
| 700 |
_aLinkens, Derek A. _942334 |
||
| 942 |
_2ddc _cEN _h006 _mNIE |
||
| 999 |
_c63027 _d63027 |
||